Appellation Sud-Ouest - Statistiques

Statistiques générales
  • Ce quiz a été pris 445 fois
  • Le résultat moyen est 17 sur 29
Statistiques - réponses
Hint Réponse % Correct
R Cahors
81%
R,R,B,E,M Gaillac
74%
R,R,B Bergerac
73%
R Madiran
73%
R,R,B Irrouléguy
69%
B,M Jurançon
69%
M,L Monbazillac
67%
R,R Fronton
63%
M,L Rosette
63%
R Pécharmant
60%
M,L Saussignac
60%
B,M Pacherenc-du-Vic-Bilh
58%
R,R,B Béarn
56%
R,R,B Buzet
56%
R,B Montravel
56%
R,R,B Tursan
55%
R,R,B Côtes de Millau
54%
R,R,B Côtes du Marmandais
54%
R,R Marcillac
54%
R,R,B Saint-Mont
53%
R,B,M Côtes de Bergerac
51%
R,R,B,M Côtes de Duras
51%
M,L Haut-Montravel
51%
R,R Brulhois
50%
R,R Coteaux du Quercy
49%
M,L Côtes de Montravel
49%
R,R Saint-Sardos
49%
R,R,B Estaing
47%
R,R,B Entraygues Le Fel
46%
Aucun quiz correspondant
Distribution des résultats
% des personnes avec chaque résultat
Percentile par nombre de réponses
Votre historique - résultats
Vous n’avez pas pris ce quiz